000 00564nam a2200205Ia 4500
005 20250326145059.0
008 250326s9999 xx 000 0 und d
037 _aTextbook
040 _aFMSL
_beng
_cFMSL
041 _aeng
_2eng
084 _aZ442674 P9
_qFMSL
100 _aWadehra B L
245 0 _aLaw relating to intellectual property
_cWadehra B L
250 _a4
260 _aNew Delhi
_bNew Delhi, Universal law Publishing
_c2009
365 _b700
650 _aManagement
942 _cTB
_hZ442674 P9
999 _c1306300
_d1306300